00702 a2200205 4500008004100000010001400041020002300055035001300078037001800091082001200109100001800121245011200139260004200251270008100293300002800374500004900402700002000451700001900471710000600490080822t xxu||||| |||| 00| 0 eng d aENG-85099 a8188689165c325.00 aEN-68632 bD.B.Act / Pub a515.352 aSolari, H. G. aNonlinear dynamicsba two way trip from physics to mathcby H. G. Solari, M. A. Natiello and G. B. Mindlin aNew DelhibOverseas Press Indiac2005 a7/28, Ansari Road, Darya GanjbNew Delhie110 002moverseas@de13.vsnl.nic.in axiii, 347p.b22cm.(Pbk) aincludes bibliographical refrences and index aNatiello, M. A. aMindlin, G. B. b.